| 000 | 00381 a2200169 4500 | ||
|---|---|---|---|
| 001 | 156443 | ||
| 020 | _a9788506009130 | ||
| 040 | _cEscola São Tomás de Aquino | ||
| 100 | _aBROMELIA PRODUÇÕES | ||
| 240 | 1 | 0 |
_aA borboletinha _lpor |
| 245 | 1 | 0 | _aA borboletinha |
| 300 | _a20 | ||
| 362 | 0 | _a2012 | |
| 440 | 1 | _aMelhoramentos | |
| 697 | _a*LITERATURA INFANTIL | ||
| 942 | _cBK | ||
| 999 |
_c156443 _d156443 |
||